000 00307nam a22001337a 4500
041 _aENG
100 _aRamamrutham.S
245 _aEngineering Mechanics A Text Book Of Applied Mechanics
260 _aDelhi
_bDhanpat Rai PUB
_c2008
300 _a778
650 _aFS
700 _aNarayan .R
856 _uFS
999 _c848
_d848